Fernsehserien der 80er - Statistiken

Allgemein
  • Dieses Quiz wurde 326 mal gespielt
  • Das Durchschnittsergebnis liegt bei 9 aus 12
Antwortstatistiken
Serie Antwort % Korrekt
Alle unter einem ____ Dach
99%
Das A-____ Team
97%
Die Abenteuer von ___ Sawyer und Huckleberry Finn Tom
96%
Unsere kleine ____ Farm
95%
Meister Eder und sein _______ Pumuckl
89%
Der ______-Clan Denver
86%
Der ______ Vampir kleine
86%
Wer ist hier der ____? Boss
83%
Takeshi’s ______ Castle
76%
______ J. Kwak Alfred
71%
______ Snuggles Doctor
38%
_____ der Elefantenkönig Babar
18%
Keine übereinstimmenden Quizze gefunden
Verteilung der Resultate
Anzahl Personen mit jedem Resultat
Perzentil nach korrekt beantworteten Fragen
Ihre Resultats-Entwicklung
Sie haben dieses Quiz noch nicht gespielt